000 00559nam a22002057a 4500
001 00028580
005 20260318105952.0
008 260318b ag ||||| |||| 00| 0 spa d
020 _a8432078514
040 _aAR-CcCEOS
_bspa
_cAR-CcCEOS
041 _aspa
080 _a32
090 _bREV
100 _aJeans-Francois Revel
_9910
245 _aEl Estado megalómano (La Grace de I´État) /
_cJeans-Francois Revel
264 _aBuenos Aires :
_bPlaneta,
_cc1982.
300 _a180 p. ;
_c24x15 cm.
655 0 _apolitica
_9259
942 _2udc
_cBK
_n0
999 _c28610
_d28610